000 00649pam a2200253 a 4500
999 _c10183
_d10183
001 10183
003 BD-JhCC
005 20180419085801.0
008 180417s1968 maua 000 0 eng
020 _a0816117063
035 _a(BD-JhCC)10183
040 _aDLC
_cDLC
_dDLC
_dBD-JhCC
041 _aeng
050 0 0 _aTS250
_b.B47 1968
082 0 0 _a671.8/23
_219
_bMED 1968
100 1 _aMedvedyuk N.
245 1 0 _aSheet metal work /
_c N. Medvedyuk
250 _a1st ed.
260 _aMoscow :
_bMir Publishers,
_c1968.
300 _a360 p. :
_bill. ;
_c22 cm.
500 _aIncludes index.
650 0 _aSheet-metal work.
942 _2ddc
_cBK